[Event "USA-chT Amateur East"]
[Site "Parsippany"]
[Date "2011.02.20"]
[Round "3"]
[White "Kudrin, Sergey"]
[Black "Ippolito, Dean"]
[Result "1-0"]
[WhiteElo "2545"]
[BlackElo "2478"]
[PlyCount "89"]
[EventDate "2011.02.19"]
[EventType "team-swiss"]
[EventRounds "6"]
[EventCountry "USA"]
[SourceTitle "CBM 141 Extra"]
[Source "ChessBase"]
[SourceDate "2011.05.03"]
[SourceVersion "1"]
[SourceVersionDate "2011.05.03"]
[SourceQuality "1"]

1. e4 e5 2. Bc4 Nf6 3. d3 c6 4. Nf3 Be7 5. 0-0 Qc7 6. Re1 0-0 7. Bb3 d6 8. c3 h6 9. Nbd2 Nbd7 10. d4 Re8 11. Nf1 Bf8 12. Ng3 Nb6 13. h3 Be6 14. Bc2 g6 15. b3 Bg7 16. Be3 Rad8 17. Qc1 Kh7 18. a4 Nbd7 19. c4 Rc8 20. Qd2 d5 21. exd5 cxd5 22. dxe5 Ne4 23. Nxe4 dxe4 24. Bxe4 Nxe5 25. Nxe5 Qxe5 26. Bxb7 Rcd8 27. Bd5 Bxd5 28. cxd5 Rxd5 29. Qc2 Qxa1 30. Rxa1 Bxa1 31. Bxa7 Re1+ 32. Kh2 Be5+ 33. g3 Rdd1 34. a5 Rh1+ 35. Kg2 Rdg1+ 36. Kf3 Rxh3 37. Qc4 Kg7 38. Bd4 Rh5 39. a6 Rf5+ 40. Ke2 Bxd4 41. Qxd4+ Kh7 42. b4 Rc1 43. g4 Rg5 44. Qd7 Kg7 45. f4 1-0

[Event "Philadelphia National op 41st"]
[Site "Philadelphia"]
[Date "2010.11.27"]
[Round "3"]
[White "Kaufman, Raymond"]
[Black "Kudrin, Sergey"]
[Result "0-1"]
[WhiteElo "2294"]
[BlackElo "2543"]
[PlyCount "44"]
[EventDate "2010.11.26"]
[EventType "swiss"]
[EventRounds "6"]
[EventCountry "USA"]
[SourceTitle "CBM 139 Extra"]
[Source "ChessBase"]
[SourceDate "2011.01.05"]
[SourceVersion "1"]
[SourceVersionDate "2011.01.05"]
[SourceQuality "1"]

1. d4 Nf6 2. Nf3 g6 3. Bf4 Bg7 4. e3 0-0 5. Be2 d6 6. h3 c5 7. Nbd2 Nc6 8. c3 cxd4 9. cxd4 Be6 10. 0-0 Qb6 11. Ng5 Bd5 12. e4 h6 13. exd5 Nxd5 14. Be3 Nxe3 15. fxe3 hxg5 16. Ne4 Bh6 17. Bc4 Rad8 18. Bb3 d5 19. Nc3 e6 20. Qf3 Na5 21. Rf2 Nxb3 22. axb3 a6 0-1

[Event "USA-ch"]
[Site "Saint Louis"]
[Date "2010.05.23"]
[Round "9"]
[White "Benjamin, Joel"]
[Black "Kudrin, Sergey"]
[Result "1-0"]
[WhiteElo "2565"]
[BlackElo "2571"]
[PlyCount "93"]
[EventDate "2010.05.14"]
[EventType "swiss"]
[EventRounds "9"]
[EventCountry "USA"]
[SourceTitle "CBM 137"]
[Source "ChessBase"]
[SourceDate "2010.07.15"]
[SourceVersion "1"]
[SourceVersionDate "2010.07.15"]
[SourceQuality "1"]

1. d4 Nf6 2. c4 g6 3. Nc3 d5 4. e3 Bg7 5. cxd5 Nxd5 6. Nxd5 Qxd5 7. Ne2 0-0 8. Nc3 Qd8 9. Be2 c5 10. d5 e6 11. e4 exd5 12. exd5 b6 13. 0-0 Bb7 14. Bf3 Nd7 15. d6 Bxf3 16. Qxf3 Qf6 17. Qd5 Qd4 18. Rd1 Qxd5 19. Nxd5 Rae8 20. Ne7+ Kh8 21. Rb1 a5 22. a4 f5 23. Bg5 Bd4 24. Re1 Bf6 25. Bh6 Bg7 26. Bxg7+ Kxg7 27. Nd5 Re4 28. f3 Rxe1+ 29. Rxe1 f4 30. Nc7 Kg8 31. Re7 Rf7 32. Re8+ Rf8 33. Re7 Rf7 34. b3 g5 35. Kf2 Kg7 36. Ke2 Kf6 37. Nd5+ Kg6 38. Kd3 Rxe7 39. dxe7 Kf7 40. Kc4 h5 41. Kb5 Ne5 42. h3 g4 43. fxg4 hxg4 44. hxg4 Nxg4 45. Kxb6 Ne3 46. Kxc5 Ke8 47. Kd6 1-0